2020 Summer Olympics Medal Table - Statistics

General Stats
  • This quiz has been taken 65 times
    64 since last reset
  • The average score is 18 of 21
Answer Stats
Gold Silver Bronze Medals Country % Correct
27 14 17 58 Japan
100%
39 41 33 113 United States
100%
38 32 18 88 China
98%
20 28 23 71 Russian Olympic Committee
98%
10 12 11 33 France
96%
7 6 8 21 Brazil
94%
7 6 11 24 Canada
94%
10 11 16 37 Germany
94%
22 21 22 65 Great Britain
94%
6 4 10 20 South Korea
94%
17 7 22 46 Australia
93%
10 10 20 40 Italy
93%
3 8 6 17 Spain
91%
10 12 14 36 Netherlands
85%
7 6 7 20 New Zealand
83%
4 5 5 14 Poland
78%
6 7 7 20 Hungary
69%
1 6 12 19 Ukraine
69%
2 2 9 13 Turkey
67%
3 4 6 13 Switzerland
57%
7 3 5 15 Cuba
50%
No matching quizzes found
Score Distribution
Percent of People with Each Score
Percentile by Number Answered
Your Score History
You have not taken this quiz since the last reset